000 00898cam a2200265 i 4500
001 25807
003 BD-RjUL
005 20211209050930.0
008 140319s1975 ii b 001 0 eng
035 _a(BD-RjUL)25877
040 _aDLC
_cDLC
_dDLC
_dBD-RjUL
_beng
041 _aeng
082 0 0 _a320.954035
_bBHQ 1975
100 1 _aBhuyan, Arun Chandra,
_d1939-
_979285
245 1 4 _aThe Quit India movement :
_bthe Second World War and Indian nationalism /
_cArun Chandra Bhuyan.
260 _aNew Delhi :
_bManas Publications,
_cc1975.
300 _aviii, 262 p. ;
_c22 cm.
504 _aIncludes Bibliography: p. [241]-254 and index.
650 0 _aNationalism
_zIndia
_xHistory.
_943071
651 0 _aIndia
_xHistory
_yQuit India movement, 1942.
_979287
942 _2ddc
_cBK
999 _c25807
_d25807